=LDR 00000nam 2200000 4500 =001 INLIS000000000036844 =005 20130612142615 =008 ***********************************Ind** =035 ##$$0010-061300000036844 =041 ##$$a Ind =082 ##$$a 641.5 =090 ##$$a 641.5, Erw m =100 ##$$a Erwin, Lilly T =245 ##$$a Masak cepat dengan panci presto hidangan mancanegara, Lilly T Erwin ; editor, Intarina Hardiman =260 ##$$a 2010 $b Jakarta =300 ##$$a 60 hlm, ilus, 21 cm =650 ##$$a Masakan, resep =850 ##$$a NBPNMAT